<The> Rural South in Crisis Chalenges for the Future

Gespeichert in:
Bibliographische Detailangaben
Weitere Verfasser: Beaulieu, Lionel J.
Format: Buch
Sprache:Englisch
Veröffentlicht: London Westview Press 1988
Ausgabe:1. ed.
Tags: Tag hinzufügen
Keine Tags, Fügen Sie das erste Tag hinzu!

MARC

LEADER 00000nam a2200000 4500
001 c026441
005 20221219120533.5
041 0 |a eng 
044 |a GB 
245 1 0 |a <The> Rural South in Crisis  |b Chalenges for the Future  |c Red. Lionel J. Beaulieu 
250 |a 1. ed. 
264 1 |a London  |b Westview Press  |c 1988 
300 |a 384 s. 
700 1 |a Beaulieu, Lionel J.